Accessibility of rural credit in northern Nicaragua: the importance of networks of information and recommendation /

שמור ב:
מידע ביבליוגרפי
מחבר ראשי: Vaessen, Jos
פורמט: Texto
נושאים:
תגים: הוספת תג
אין תגיות, היה/י הראשונ/ה לתייג את הרשומה!

MARC

LEADER 00000 a a2200000 04500
001 17317
003
040
100 |a Vaessen, Jos  
245 |a Accessibility of rural credit in northern Nicaragua:   |b the importance of networks of information and recommendation /  |c Jos Vaessen 
650 |a CREDITO RURAL  
650 |a POBLACION RURAL  
650 |a ORGANIZACIONES NO GUBERNAMENTALES  
650 |a NICARAGUA  
773 |g volumen 25, número 1; páginas 5-32  
999 |c 21110  |d 21110